Tư tưởng Hồ Chí Minh về phòng, chống tham ô, lãng phí, quan liêu - Nội dung và giá trị : Sách chuyên khảo

Đã lưu trong:
Bibliografiske detaljer
Những tác giả chính:  Nguyễn, Ngọc Anh,  Tư tưởng Hồ Chí Minh về phòng, chống tham ô, lãng phí, quan liêu - Nội dung và giá trị : Sách chuyên khảo
Format: Sách
Sprog:Undetermined
Udgivet:  Quân đội nhân dân  2021
Fag:
Tags: Tilføj Tag
Ingen Tags, Vær først til at tagge denne postø!
Thư viện lưu trữ: Trung tâm Thư viện - Trường Đại học Công nghiệp TP. Hồ Chí Minh
LEADER 00800nam a2200157Ia 4500
001 UIH_08306
008 241002s9999 xx 000 0 und d
082 |a  364.1323 
100 |a  Nguyễn, Ngọc Anh 
100 |a  Tư tưởng Hồ Chí Minh về phòng, chống tham ô, lãng phí, quan liêu - Nội dung và giá trị : Sách chuyên khảo 
245 0 |a  Tư tưởng Hồ Chí Minh về phòng, chống tham ô, lãng phí, quan liêu - Nội dung và giá trị : Sách chuyên khảo 
260 |b  Quân đội nhân dân 
260 |c  2021 
650 |a Phòng chống tham nhũng; Tư tưởng Hồ Chí Minh 
927 |a Sách 
980 |a Trung tâm Thư viện - Trường Đại học Công nghiệp TP. Hồ Chí Minh